Wszystkie skiny do Maca-10 w CS:GO - Statystyki

Ogólne statystyki
  • Ten quiz został rozwiązany 28 razy
    19 od ostatniego zresetowania
  • Średni wynik to 9 z 36
Statystyki odpowiedzi
Rodzaj (Kolor) Skin % Poprawnych
Czerwony Neon Rider
100%
Różowy Disco Tech
86%
Niebieski Fade
57%
Fioletowy Malachite
57%
Niebieski Candy Apple
43%
Czerwony Stalker
43%
Niebieski Amber Fade
29%
Niebieski Carnivore
29%
Niebieski Copper Borre
29%
Fioletowy Curse
29%
Fioletowy Gold Brick
29%
Fioletowy Heat
29%
Niebieski Indigo
29%
Niebieski Nuclear Garden
29%
Niebieski Oceanic
29%
Fioletowy Allure
14%
Niebieski Aloha
14%
Fioletowy Button Masher
14%
Niebieski Classic Crate
14%
Fioletowy Graven
14%
Różowy Hot Snakes
14%
Niebieski Lapis Gator
14%
Fioletowy Last Dive
14%
Niebieski Palm
14%
Fioletowy Pipe Down
14%
Niebieski Rangeen
14%
Niebieski Silver
14%
Fioletowy Tatter
14%
Niebieski Tornado
14%
Niebieski Ultraviolet
14%
Niebieski Urban DDPAT
14%
Niebieski Whitefish
14%
Niebieski Calf Skin
0%
Niebieski Commuter
0%
Fioletowy Red Filigree
0%
Niebieski Surfwood
0%
Nie znaleziono quizów pasujących do podanych kryteriów
Rozkład punktacji
Procent ludzi z każdym wynikiem
Percentyl według liczby udzielonych odpowiedzi
Twoja historia wyników
Nie rozwiązałeś tego quizu od ostatniego zresetowania